000 00638nam a2200241Ia 4500
003 OSt
005 20221005032523.0
006 a|||||r|||| 00| 0
007 ta
008 221004b |||||||| |||| 00| 0 eng d
024 _a68828
037 _cTextual
040 _aCRL
_cCRL
_beng
041 _2eng
_aeng
082 _aY:1.212.N7, L8
100 _aMenon A Sreedhara
245 0 _aCultural heritage of Kerala
_b An introduction
260 _aCochin
_bEast-West
_c1978
300 _a296p.
_ccm.
650 _aSOCIOLOGY
942 _hY:1.212.N7, L8
_cTEXL
_2cc
999 _c939854
_d939854